Index theory and economic reality

Salvato in:
Dettagli Bibliografici
Autore principale: Köves, Pál
Natura: Libro
Lingua:inglese
Pubblicazione: Budapest Akadémiai Kiadó 1983
Tags: Aggiungi Tag
Nessun Tag, puoi essere il primo ad aggiungerne!!

MARC

LEADER 00000nam a2200000 4500
001 c114506
005 20250219075015.6
041 0 |a eng 
044 |a HU 
245 1 0 |a Index theory and economic reality  |c Pál Köves ; [Translated from the Hungarian by Ferenc Szirbik] 
264 1 |a Budapest  |b Akadémiai Kiadó  |c 1983 
300 |a 312 s. 
100 1 |a Köves, Pál